Harry Potter - The Black Family Quiz - Statistics

General Stats
  • This quiz has been taken 30 times
  • The average score is 5 of 11
Answer Stats
Question Answer % Correct
What is Bellatrix's relation to Sirius? First cousins
78%
What is the name of Sirius' father? Orion
74%
What is the name of Sirius' mother? Walburga
70%
What does R.A.B stand for? Regulus Arcturus Black
63%
What is the Black family motto? Toujours pur
52%
Why was Andromeda Tonks disowned? She married a muggle born Ted Tonks
41%
Phineas Nigellus Black has a portrait in the Black family ancestral house and one other place - where? Dumbledore's office
26%
What is the name of the Black family ancestral house? 12 Grimmauld place
22%
Why was Marius Black disowned? She was a squib
19%
What is the Black family's tradition with house elves? Decapitated and put on display
4%
Why was Sirius' Uncle Alphard Black disowned? For leaving Sirius an inheritance
4%
No matching quizzes found
Score Distribution
Percent of People with Each Score
Percentile by Number Answered
Your Score History
You have not taken this quiz